Intellectual giftedness in young children : recognition and development

Saved in:
Bibliographic Details
Other Authors: Whitmore, Joanne Rand 1938- (Editor)
Format: Book
Language:English
Published: New York ; London : Haworth Press, c1986
Subjects:
Tags: Add Tag
No Tags, Be the first to tag this record!

MARC

LEADER 00000nam a2200000 i 4500
001 1/21563
008 980513s1986 eng d
020 |a 0-86656-540-X 
035 |l 10036335 
035 |a 1995  |b 3  |c Πολεμικός 
040 |a GR-MY-UA  |b gre  |e aacr 
041 0 |a eng 
082 0 |a 371.95  |2 (19) 
245 1 0 |a Intellectual giftedness in young children :  |b recognition and development /  |c edited by Joanne Rand Whitmore 
260 |a New York ; London :   |b Haworth Press,   |c c1986 
300 |a xii, 180 p.;  |b ill.;  |c 23 cm 
500 |a "Has also been published as Journal of children in contemporary society, volume 18, numbers 3/4, spring/summer 1986"--T.p. verso 
504 |a Βιβλιογραφία: σ. 139-158 
504 |a Περιέχει ευρετήριο 
650 0 0 |a Gifted children  |z United States  |x Identification. 
650 0 0 |a Gifted children  |x Education (Primary)  |z United States. 
650 0 0 |a Problem children  |x Education (Primary)  |z United States. 
700 1 |a Whitmore, Joanne Rand  |d 1938-  |4 edt 
852 |a INST  |b RHODES  |e 19980513  |h 371.95 INT  |p 005400011674  |q 005400011674  |t BK  |y 0 
909 |a Ρ  |b 043441  |c 1995